| 000 | 00682nam a22002177a 4500 | ||
|---|---|---|---|
| 005 | 20140116120651.0 | ||
| 010 | _aENG-109099 | ||
| 020 |
_a9789350620892 _c395.00 |
||
| 035 | _aEN-92632 | ||
| 037 | _bDBAD/PUB | ||
| 082 | _a658.4012 | ||
| 100 | _a. | ||
| 245 |
_aBusiness strategies and economic growth : _cedited by Himanshu Shekhawat [and] Preeti Tak _bthe way forward / |
||
| 260 |
_aNew Delhi _bExcel Books _c2012 |
||
| 270 |
_aA- 45, Naraina, Phase 1 _bNew Delhi _e110028 |
||
| 300 |
_axii,209p. _c24cm(pbk) |
||
| 500 | _aIncludes bibliographical references | ||
| 700 | _aSekhawat, Himanshu | ||
| 700 | _aTak, Preeti | ||
| 942 |
_2ddc _cEN _mBUS _h658.4012 |
||
| 999 |
_c81895 _d81895 |
||